Statistics for Largest Cities In Wyoming

Click here to take the quiz!

General Stats

  • This quiz has been taken 36 times
  • The average score is 6 of 10

Answer Stats

Pop.City% Correct
63,624Cheyenne
100%
57,814Casper
86%
32,306Laramie
82%
10,532Jackson
68%
30,560Gillette
64%
23,350Rock Springs
59%
11,866Evanston
45%
17,860Sheridan
45%
12,070Green River
36%
11,058Riverton
27%

Score Distribution

Percentile by Number Answered

Percent of People with Each Score

Your Score History

You have not taken this quiz